00740nam a2200229Ia 45000010006000000050017000060070003000230080041000260400025000670410008000920820022001001000021001222450076001432500014002192600047002333000027002806530029003076530014003369420012003509520131003629990017004933823920240114002002.0ta070703s1967 a g b000 u 465 u aCotton College Assam a465 a821.4709bB 241 M aBarker, Arthur . 0aMilton: Modern Essays in Criticism /cArthur Barker.hTextual Documents a1st ed. / aLondon :bOxford University Press ,c1967. a468p. :bill ;c22cm . aEnglish essays-Criticism aG-English 2ddccBK 001040708circulation (G)aSKBLbSKBLd2012-02-01f00000l0o821.4709 B 241 Mp55984r2024-01-14 00:00:00t1w2012-02-01yBK c38215d38215